000 01375cam a22003857a 4500
003 CHAP
005 20220329142259.0
008 000508d2000 mx a r 00110 spa d
010 _a81015
011 _a81987
035 _a92471
040 _cCHAP
090 _aTesis
100 0 0 _aSantiago López, Antonio Filiberto.
_9102358
245 1 0 _aPlaneación del manejo parcelario en la microcuenca el Atole, Palizada, municipio de Villa Víctoria, Estado de México
_c/por Antonio Filiberto Santiago López
260 _aChapingo, Méx. :
_bEl autor,
_c2000.
300 _a108 h. :
_bilus. ; gráfs.
502 _aTesis (Ing. Agr. Esp. en Suelos) -- UACH. Departamento de Suelos
590 _aALEPH
_b10
_c20130110
_lUCH01
_h1434
590 _aBATCH-UPD
_b10
_c20130110
_lUCH01
_h0457
590 _aBATCH-UPD
_b10
_c20130110
_lUCH01
_h2219
590 _aBATCH-UPD
_b10
_c20130410
_lUCH01
_h0134
590 _aBATCH-UPD
_b10
_c20130914
_lUCH01
_h1317
590 _aCONVERSION
_b10
_c20130109
_lUCH01
_h1345
650 1 4 _aErosión.
_937335
650 1 4 _aEscurrimiento.
_937675
650 1 4 _aParcelas.
_985484
650 1 4 _aSuelos
_xManejo.
_9110423
650 1 4 _aTierras
_xUtilización.
_9113219
901 _aBK
905 _aLilia Sánchez G.
942 _cFOLL
949 _bBC
_cTES
_d33724000778072
_eTS2
_fc.2
_h36180
_i92471
_si
949 _bBC
_cTES
_d924711
_eTS1
_h36179
_i92471
_sb
999 _c81015
_d81015